Πέτρινος κόσμος : μυθιστόρημα

Αποθηκεύτηκε σε:
Λεπτομέρειες βιβλιογραφικής εγγραφής
Κύριος συγγραφέας: Πεντέας, Ευάγγελος
Μορφή: Βιβλίο
Γλώσσα:Greek
Δημοσίευση: Αθήνα : Δωρικός, 1986
Θέματα:
Ετικέτες: Προσθήκη ετικέτας
Δεν υπάρχουν, Καταχωρήστε ετικέτα πρώτοι!

MARC

LEADER 00000cam a2200000 i 4500
001 1/43822
008 941103s1986 gr | ||| |||| ||gre||
035 |a 1989  |c ΔΩΡΕΑ  |l 10042123 
040 |a GR-MY-UA  |b gre  |e aacr 
041 0 |a gre 
082 0 |a 889.3 
100 1 |a Πεντέας, Ευάγγελος. 
245 1 0 |a Πέτρινος κόσμος :  |b μυθιστόρημα /  |c Ευάγγελος Πεντέας 
260 |a Αθήνα :   |b Δωρικός,   |c 1986 
300 |a 221 σ.;  |c 20 cm. 
650 0 0 |a Greek fiction. 
852 |a INST  |b SAMOS  |e 19941103  |h 889.3 ΠΕΝ  |p 005300000245  |q 005300000245  |t BK  |y 0 
909 |a Σ  |b 000134